00758nam a2200193 a 450000100100000000500170001000800410002704000250006808200100009310000460010324500670014926000470021630000240026359000290028704900090031695201110032595201110043699900170054700002853720200930055010.0090907s1978 dr 000 0 spa d aDO-SdBNPbspacBNPHU bT233p1 aTaveras Guzmán, Juan Arístides91996110aPor los fueros del Cibao /cJuan Arístides Taveras Guzmán. aSanto Domingo :bEditora Padilla,c[1978]. av, 261 p. ;c21 cm. aUn ejemplar autografiado aBNPD 00107-18PDaPDbPDcOId2011-04-11iLF1l0o T233pp28537-10r2020-06-25w2020-06-25yLFPDZNo se presta 00107-18PDaPDbPDcOId2011-04-11iLF1l0o T233pp28537-20r2020-06-25w2020-06-25yLFPDZNo se presta c28029d28029